000 00877cam a2200301 4500
001 J4064
008 090401t1996 xxu||||| |||| 00| 0 eng d
035 _a(Sirsi) u58095
041 _aeng
050 _a658.404
100 _aFarrow, J. J.
245 _aPerformance setting and monitoring on building projects for contractors.
250 _aRevised ed.
260 _aAscot, Berks.
_bCIOB
_c1996
300 _a8p. ; 30cm.
350 _a0
490 _aConstruction Papers
_v67
520 _aOriginally published as CIOB Technical Information Service Paper 119 in 1990.
650 _aBUILDING PROJECTS
650 _aCOST CONTROL
650 _aPERFORMANCE MONITORING
650 _aPERFORMANCE SETTING
690 _aProject management
_96261
700 _aRutter, D.K.
710 _aChartered Institute of Building
_92134
942 _n0
948 _c04/03/1997
999 _c94025
_d94025